Africa Map Quiz in Chinese Pinyin - Statistics

General Stats
  • This quiz has been taken 172 times
  • The average score is 27 of 54
Answers on the Map
Answers color-coded by a green-red scale on the quiz's map according to % correct below.
 
Answer Stats
Answer % Correct
Ā Ěr Jí Lì Yǎ
78%
Sū Dān
70%
Tú Ní Sī
69%
Ān Gē Lā
67%
Suǒ Mǎ Lǐ
65%
Kěn Ní Yǎ
64%
Lì Bǐ Yǎ
64%
Jí Bù Dì
63%
Mò Sāng Bǐ Kè
63%
Nán Sū Dān
63%
Bó Cí Wǎ Nà
61%
Mǎ Lǐ
61%
Máo Lǐ Tǎ Ní Yǎ
60%
Nà Mǐ Bǐ Yǎ
60%
Tǎn Sāng Ní Yǎ
60%
Bù Jī Nà Fǎ Suǒ
59%
Gāng Bǐ Yǎ
59%
Mǎ Lā Wéi
59%
Zàn Bǐ Yǎ
59%
È Lì Tè Lǐ Yǎ
58%
Ní Rì Lì Yǎ
58%
Wū Gān Dá
58%
Mǎ Dá Jiā Sī Jiā
57%
Bù Lóng Dí
55%
Bèi Níng
54%
Ní Rì Ěr
54%
Mó Luò Gē
53%
Āi Jí
52%
Gāng Guǒ Mín Zhǔ
Gòng Hé Guó
51%
Gāng Guǒ
Gòng Hé Guó
49%
Lì Bǐ Lǐ Yǎ
49%
Nán Fēi
49%
Lái Suǒ Tuō
48%
Sài Nèi Jiā Ěr
45%
Lú Wàng Dá
43%
Zhōng Fēi
Gòng Hé Guó
43%
Máo Lǐ Qiú Sī
42%
Jǐ Nèi Yǎ
41%
Jǐ Nèi Yǎ Bǐ Shào
41%
Zhà Dé
39%
Āi Sài É Bǐ Yǎ
37%
Jīn Bā Bù Wéi
35%
Sài Shé Ěr
35%
Jiā Nà
34%
Kā Mài Lóng
34%
Shèng Duō Měi Hé
Pǔ Lín Xī Bǐ
34%
Sī Wēi Shì Lán
31%
Chì Dào Jǐ Nèi Yǎ
30%
Duō Gē
30%
Sài Lā Lì Áng
30%
Kē Mó Luó
28%
Jiā Péng
23%
Fú Dé Jiǎo
22%
Kē Tè Dí Wǎ
16%
No matching quizzes found
Score Distribution
Percent of People with Each Score
Percentile by Number Answered
Your Score History
You have not taken this quiz